Chemická charakterizácia a využitie zrážaných lignínov

Saved in:
Bibliographic Details
Main Author: Lauko, Tomáš, 1990- (Author)
Other Authors: Šutý, Štefan, 1965- (Thesis advisor)
Format: Manuscript Book
Language:Slovak
Published: 2015
Subjects:
Online Access:http://is.stuba.sk/zp/portal_zp.pl?podrobnosti=113193
Tags: Add Tag
No Tags, Be the first to tag this record!

MARC

LEADER 00000ntm a22000003a 4500
001 stuzp51509
003 SK-STU
005 20160719153859.0
007 ta
008 150427s2015----xo-----f-mn---000-0-slo-d
040 |a STU  |b slo 
041 0 |a slo 
100 1 |a Lauko, Tomáš,  |d 1990-  |u 049380  |4 aut  |U FCHPT Ústav prírodných a syntetických polymérov  |T FCHPT Oddelenie dreva, celulózy a papiera  |X 43514  |U C9380  |Y 129  |7 A0000043514 
242 0 1 |a Chemical Characterization and Utilization of Precipitated Lignins  |y eng 
245 1 0 |a Chemická charakterizácia a využitie zrážaných lignínov 
260 |c 2015 
650 4 |a zrážanie  |2 slo 
650 4 |a oxid uhličitý  |2 slo 
650 4 |a nízkoteplotná pyrolýza  |2 slo 
650 4 |a prchavé látky  |2 slo 
650 4 |a lignín  |2 slo 
650 4 |a volatile substances  |2 eng 
650 4 |a lignin  |2 eng 
650 4 |a precipitation  |2 eng 
650 4 |a carbon dioxide  |2 eng 
650 4 |a low temperature pyrolysis  |2 eng 
700 1 |a Šutý, Štefan,  |d 1965-  |4 ths  |X 3920  |7 A000003920 
856 4 |u http://is.stuba.sk/zp/portal_zp.pl?podrobnosti=113193 
SQL |a stuzp51509  |b DDP  |c SLO  |d Chemická charakterizácia a využitie zrážaných lignínov  |e 43514  |f Lauko, Tomáš  |g 049380  |h 3920  |i Šutý, Štefan  |j 20150609  |k 542  |l 04  |m http://is.stuba.sk/zp/portal_zp.pl?podrobnosti=113193  |n I-PSP  |o 5.2.18. chemické technológie